000 00271nam a2200109Ia 4500
008 190216s9999||||xx |||||||||||||| ||und||
100 _aUlloor
245 0 _aKerala Sahithya Charithram Vol-4
260 _bKerala University
650 _aMalayalam Literaturte
942 _cBK
999 _c24083
_d24083